Normal view
MARC view
- الجغرافيا العامة-اسس
Entry Topical Term
001 - CONTROL NUMBER
- control field: 18961
003 - CONTROL NUMBER IDENTIFIER
- control field: JO-AjAnu
005 - DATE AND TIME OF LATEST TRANSACTION
- control field: 20230606073324.0
008 - FIXED-LENGTH DATA ELEMENTS
- fixed length control field: 230606|| aca||aabn | a|a d
040 ## - CATALOGING SOURCE
- Original cataloging agency: JO-AjAnu
- Transcribing agency: JO-AjAnu
150 ## - HEADING--TOPICAL TERM
- Topical term or geographic name entry element: الجغرافيا العامة-اسس
670 ## - SOURCE DATA FOUND
- Source citation: Work cat.: (JO-AjAnu)9729: الطيطي، صالح حسين, author 18960, أسس الجغرافيا العامة